| 000 | 01174nam a2200253Ia 4500 | ||
|---|---|---|---|
| 003 | OSt | ||
| 005 | 20220923211904.0 | ||
| 006 | a|||||r|||| 00| 0 | ||
| 007 | ta | ||
| 008 | 220922b |||||||| |||| 00| 0 san d | ||
| 024 | _a65,681 | ||
| 037 | _cTextual | ||
| 040 |
_aARTS _cARTS _bsan |
||
| 041 |
_2san _asan |
||
| 082 | _aR212, 152M6 | ||
| 100 |
_aशुक्ल, बलिराम; शुक्ल, बदरीनाथ, संपा. _9161672 |
||
| 245 | 0 | _aअनुमान प्रमाण* प्राचीन न्यायवैशेषिक, बौद्ध न्याय, जैन न्याय तथा नव्य न्याय पर आधारित | |
| 246 | _aAnumān pramāṇa: prāchīn nyāyavaisheṣhika, bauddha nyāya, jain nyāya tathā navya nyāya par ādhārita | ||
| 260 |
_aदिल्ली _b ईस्ट्रन बुक लिंकर्स _c1986 |
||
| 300 |
_a411पृ0 _ccm. |
||
| 650 | _aभारतीय दर्शन | ||
| 942 |
_hR212, 152M6 _cTEXL _2CC |
||
| 999 |
_c304404 _d304404 |
||